00675nam a2200169Ia 4500008004100000020002200041082001800063100004700081245010700128260003900235300001100274500003000285650003400315700004400349952009500393999001700488130818s9999 xx 000 0 und d a978-607-15-0747-1 a615.954 C169t aCalvo Carrillo, María de la Concepción aToxicología de los alimentos / María de la Concepción Calvo Carril, Eduardo Mendoza Martínez aMéxico : McGraw Hill Educación a465 p. aBibliografía e índice a1. ALIMENTOS--TOXICOLOGIA  aMendoza Martínez, Eduardo; coaut.Ì 00104070a15b15d2012-09-01l0o615.954 C169Tp15 005155r2017-12-07t1w2013-08-19yLB c90559d90559